| 000 | 00389pab a2200169 454500 | ||
|---|---|---|---|
| 008 | 180718b1999 xxu||||| |||| 00| 0 eng d | ||
| 100 | _aMittal, R.K. | ||
| 245 | _aCredit off take in public sector banks: a study | ||
| 260 | _c1999 | ||
| 300 | _ap.9-11 | ||
| 362 | _aOct | ||
| 650 | _aBanks - India | ||
| 650 | _aBanks | ||
| 700 | _aAshok Kumar | ||
| 773 | _aYojana | ||
| 909 | _a42643 | ||
| 999 |
_c42643 _d42643 |
||